Library of the University of Algiers 3
Ibrahim Sultan Cheibout
شعار جامعة الجزائر 3
مكتبة جامعة الجزائر 3
إبراهيم سلطان شيبوط

إدارة أنشطة الابتكار والتغيير : (رقم التسجيلة. 46096)

تفاصيل مارك
000 -LEADER
fixed length control field 01242nam a2200241Ia 4500
003 - CONTROL NUMBER IDENTIFIER
control field Ost
005 - DATE AND TIME OF LATEST TRANSACTION
control field 20260507075737.0
008 - FIXED-LENGTH DATA ELEMENTS--GENERAL INFORMATION
fixed length control field 260507s9999||||xx |||||||||||||| ||und||
020 ## - INTERNATIONAL STANDARD BOOK NUMBER
International Standard Book Number 9960245527
040 ## - CATALOGING SOURCE
Transcribing agency fsecg
041 ## - LANGUAGE CODE
Language code of text/sound track or separate title ara
082 ## - DEWEY DECIMAL CLASSIFICATION NUMBER
Classification number 370.118
100 ## - MAIN ENTRY--PERSONAL NAME
Personal name كنج، نيجل
Relator term مؤلف
245 #0 - TITLE STATEMENT
Title إدارة أنشطة الابتكار والتغيير :
Remainder of title دليل انتقادي للمنظمات /
Statement of responsibility, etc. نيجل كنج
260 ## - PUBLICATION, DISTRIBUTION, ETC.
Place of publication, distribution, etc. الرياض:
Name of publisher, distributor, etc. دار المريخ للنشر,
Date of publication, distribution, etc. 2004
300 ## - PHYSICAL DESCRIPTION
Extent 342 صفحة؛
Other physical details إيضاحات ؛
Dimensions 24 سم
504 ## - BIBLIOGRAPHY, ETC. NOTE
Bibliography, etc. note االأشكال الإيضاحية ص.11 ؛صناديق المعلومات ص.13 الجداول ص.12
520 ## - SUMMARY, ETC.
Summary, etc. تدعيم الإبداع في العمل،المناهج السيكولوجية للإبداع،الإبتكار والسيكولوجيا الإجتماعية للجماعات،الخبرة السابقة للإبتكار في المنظمة،عملية الإبتكار،تطوير المنظمة،مقاومة التغيير،الإتجاهات المستقبلية للتطبيق والبحث
653 ## - INDEX TERM--UNCONTROLLED
Uncontrolled term الابتكار
653 ## - INDEX TERM--UNCONTROLLED
Uncontrolled term الابداع
700 ## - ADDED ENTRY--PERSONAL NAME
Personal name أندرسون، نيل
Relator term مؤلف ثانوي
942 ## - ADDED ENTRY ELEMENTS (KOHA)
Koha item type كتب
المقتنيات
Withdrawn status Lost status Source of classification or shelving scheme Damaged status Not for loan Home library Current library Date acquired Serial enumeration / chronology Inventory number Total checkouts Full call number Barcode Date last seen Price effective from Koha item type
    Library of Congress Classification   NOT LOAN / إعارة داخلية مكتبة كلية العلوم الإقتصادية والعلوم التجارية وعلوم التسيير مكتبة كلية العلوم الإقتصادية والعلوم التجارية وعلوم التسيير 07/05/2026 الطابق الأرضي 1245/1   أ/1245ن1 1245/1 07/05/2026 07/05/2026 كتب
    Dewey Decimal Classification   Available مكتبة كلية العلوم الإقتصادية والعلوم التجارية وعلوم التسيير مكتبة كلية العلوم الإقتصادية والعلوم التجارية وعلوم التسيير 07/05/2026 مكتبة بن عكنون 1245/10   أ/1245ن10 1245/10 07/05/2026 07/05/2026 كتب
    Dewey Decimal Classification   Available مكتبة كلية العلوم الإقتصادية والعلوم التجارية وعلوم التسيير مكتبة كلية العلوم الإقتصادية والعلوم التجارية وعلوم التسيير 07/05/2026 الطابق الأرضي 1245/2   أ/1245ن2 1245/2 07/05/2026 07/05/2026 كتب
    Dewey Decimal Classification   Available مكتبة كلية العلوم الإقتصادية والعلوم التجارية وعلوم التسيير مكتبة كلية العلوم الإقتصادية والعلوم التجارية وعلوم التسيير 07/05/2026 الطابق الأرضي 1245/3   أ/1245ن3 1245/3 07/05/2026 07/05/2026 كتب
    Dewey Decimal Classification   Available مكتبة كلية العلوم الإقتصادية والعلوم التجارية وعلوم التسيير مكتبة كلية العلوم الإقتصادية والعلوم التجارية وعلوم التسيير 07/05/2026 الطابق الأرضي 1245/4   أ/1245ن4 1245/4 07/05/2026 07/05/2026 كتب
    Dewey Decimal Classification   Available مكتبة كلية العلوم الإقتصادية والعلوم التجارية وعلوم التسيير مكتبة كلية العلوم الإقتصادية والعلوم التجارية وعلوم التسيير 07/05/2026 الطابق الأرضي 1245/5   أ/1245ن5 1245/5 07/05/2026 07/05/2026 كتب
    Dewey Decimal Classification   Available مكتبة كلية العلوم الإقتصادية والعلوم التجارية وعلوم التسيير مكتبة كلية العلوم الإقتصادية والعلوم التجارية وعلوم التسيير 07/05/2026 الطابق الثاني 1245/6   أ/1245ن6 1245/6 07/05/2026 07/05/2026 كتب
    Dewey Decimal Classification   Available مكتبة كلية العلوم الإقتصادية والعلوم التجارية وعلوم التسيير مكتبة كلية العلوم الإقتصادية والعلوم التجارية وعلوم التسيير 07/05/2026 الطابق الثاني 1245/7   أ/1245ن7 1245/7 07/05/2026 07/05/2026 كتب
    Dewey Decimal Classification   Available مكتبة كلية العلوم الإقتصادية والعلوم التجارية وعلوم التسيير مكتبة كلية العلوم الإقتصادية والعلوم التجارية وعلوم التسيير 07/05/2026 الطابق الثاني 1245/8   أ/1245ن8 1245/8 07/05/2026 07/05/2026 كتب
        Available مكتبة كلية العلوم الإقتصادية والعلوم التجارية وعلوم التسيير مكتبة كلية العلوم الإقتصادية والعلوم التجارية وعلوم التسيير 07/05/2026 مكتبة بن عكنون 1245/9   أ/1245ن9 1245/9 07/05/2026 07/05/2026 كتب

موارد الويب المفتوحة


© University of Algiers 3 All Rights Reserved
|
Implemented by LECHELAH Riad